banner-ar

NEW JAPAN SOLO / (Record no. 19281)

MARC details
000 -الفاتح
حقل البيانات ثابتة الطول 00492nam a2200205Ia 4500
008 - عناصر البيانات ثابتة الطول - معلومات عامة
حقل البيانات ثابتة الطول 140319s9999 xx 000 0 eng d
040 ## - مصدر الفهرسة
وكالة الفهرسة الأصلية GCL /
وكالة النسخ GCL
082 04 - رقم تصنيف ديوى العشرى
رقم التصنيف 915.20449
رقم المادة K N
100 1# - المدخل الرئيسى - إسم شخصى
الإسم الشخصى KANNO, EIJI
245 10 - بيان العنوان
العنوان NEW JAPAN SOLO /
بيان المسئوليه,etc KANNO, EIJI
700 1# - المدخل الاضافى - اسم شخصى
الإسم الشخصى KEEFE, CONSTANCE
260 ## - PUBLICATION, DISTRIBUTION, ETC. (IMPRINT)
تاريخ النشر أو التوزيع 1993
650 04 - المدخل الاضافى بالموضوع-مصطلح موضوعى
مصطلح موضوعي MAPS
650 04 - المدخل الاضافى بالموضوع-مصطلح موضوعى
مصطلح موضوعي JAPAN
650 04 - المدخل الاضافى بالموضوع-مصطلح موضوعى
مصطلح موضوعي TRAVELS
650 04 - المدخل الاضافى بالموضوع-مصطلح موضوعى
مصطلح موضوعي TRAVEL
650 04 - المدخل الاضافى بالموضوع-مصطلح موضوعى
مصطلح موضوعي GUIDE BOOKS
942 ## - عناصر المدخل الإضافي( كوها)
مصدر التصنيف او مخطط الترفيف Dewey Decimal Classification
Koha [default] item type كتاب
260 ## - PUBLICATION, DISTRIBUTION, ETC. (IMPRINT)
-- [S.N] :
-- KODANSHA INTERNATIONAL ،
Holdings
حالة التراجع حالة الفقد حالة تلف ليس للاعارة المكان المؤقت الموقع الحالى تاريخ الاكتساب اجمالي اﻻعارات رقم الطلب الباركود تاريخ اخر مشاهدة تاريخ تفعيل السعر نوع وعاء كوها
        مكتبة القاهرة الكبرى مكتبة القاهرة الكبرى 03/26/2014   915.20449\K N 36852 03/26/2014 03/26/2014 كتاب

Powered By

EGPV